[Event "Championnat de France des Jeunes - Mini"]
[Site "LA ROCHE SUR YON"]
[Date "2008.04.26"]
[Round "8.13"]
[White "Pinault, Mailys"]
[Black "Gicquel, Maelig"]
[Result "1-0"]
[WhiteElo "1796"]
[BlackElo "1410"]
[Annotator "Salaun,Michel"]
[PlyCount "147"]
[EventDate "2008.04.27"]
[EventType "swiss"]
[EventRounds "9"]
[EventCountry "FRA"]

1. e4 d6 2. d4 Nf6 3. Nc3 g6 4. Bc4 Bg7 5. f4 O-O 6. Nf3 Nxe4 7. Bxf7+ Rxf7 8.
Nxe4 Bf5 9. Neg5 Rf8 10. Nh4 Qd7 11. c3 h6 12. Ngf3 Qe6+ 13. Qe2 Qxe2+ 14. Kxe2
Be4 15. Bd2 Rf6 16. Rae1 Re6 17. Kf2 Nd7 18. Nxg6 Rxg6 19. Rxe4 Re8 20. Rhe1
Bf8 21. Nh4 Rg7 22. f5 Rf7 23. Re6 Nf6 24. h3 Nd5 25. g4 Bg7 26. Rg6 Kh7 27.
Ree6 Rf6 28. Kf3 c6 29. Rgxf6 Bxf6 30. Ng6 Kg7 31. Kg3 Nc7 32. Re2 e6 33. Nf4
e5 34. dxe5 Bxe5 35. Kf3 Kf7 36. Ng6 Bg7 37. Rxe8 Nxe8 38. h4 Kf6 39. Kf4 Nc7
40. g5+ Kf7 41. Kg4 hxg5 42. hxg5 Nd5 43. Nf4 Ne7 44. f6 Bxf6 45. gxf6 Kxf6 46.
Nd3 Ke6 47. Kf4 Kd5 48. Nb4+ Kc5 49. Be3+ Kb5 50. Bxa7 c5 51. Nd3 Nc6 52. Bxc5
dxc5 53. Ke4 Kc4 54. Ne5+ Nxe5 55. Kxe5 b6 56. Ke4 b5 57. Ke3 b4 58. Kd2 Kb5
59. Kc2 Ka4 60. c4 Ka5 61. Kb3 Kb6 62. Ka4 Ka6 63. a3 bxa3 64. Kxa3 Ka5 65. b3
Kb6 66. Ka4 Ka6 67. Ka3 Ka5 68. Kb2 Kb4 69. Kc2 Ka5 70. Kc3 Kb6 71. Kd3 Ka5 72.
Ke4 Kb4 73. Kd5 Kxb3 74. Kxc5 1-0

[Event "Championnat de France des Jeunes - Mini"]
[Site "LA ROCHE SUR YON"]
[Date "2008.04.26"]
[Round "8.14"]
[White "Josse, Mathilde"]
[Black "Armas, Lena"]
[Result "0-1"]
[WhiteElo "1726"]
[BlackElo "1748"]
[Annotator "Salaun,Michel"]
[PlyCount "60"]
[EventDate "2008.04.27"]
[EventType "swiss"]
[EventRounds "9"]
[EventCountry "FRA"]

1. e4 c5 2. Nc3 d6 3. f4 e6 4. Nf3 Nf6 5. Bb5+ Nbd7 6. O-O a6 7. Bxd7+ Qxd7 8.
d3 b5 9. b3 Be7 10. Qe1 Bb7 11. Nh4 Nh5 12. f5 Qd8 13. Nf3 exf5 14. exf5 O-O
15. Ne4 Nf6 16. Nfd2 Re8 17. Bb2 d5 18. Ng3 Rc8 19. Qd1 c4 20. dxc4 dxc4 21.
Bxf6 Bxf6 22. Rb1 Qb6+ 23. Kh1 Rcd8 24. Re1 Re3 25. Qc1 Qc6 26. Nde4 Rxg3 27.
hxg3 Bc3 28. Rd1 Bd4 29. Re1 Rd6 30. Nf6+ Rxf6 0-1

[Event "Championnat de France des Jeunes - Mini"]
[Site "LA ROCHE SUR YON"]
[Date "2008.04.27"]
[Round "9.12"]
[White "Auvray, Juliette"]
[Black "Khan, Mai-Ly"]
[Result "1/2-1/2"]
[WhiteElo "1890"]
[BlackElo "1700"]
[Annotator "Salaun,Michel"]
[PlyCount "120"]
[EventDate "2008.04.27"]
[EventType "swiss"]
[EventRounds "9"]
[EventCountry "FRA"]

1. e4 c5 2. Nf3 Nc6 3. d4 cxd4 4. Nxd4 e5 5. Nb5 d6 6. N1c3 a6 7. Na3 b5 8. Nd5
Nf6 9. Bg5 Be7 10. Bxf6 Bxf6 11. c3 Be6 12. Nc2 Bxd5 13. Qxd5 Ne7 14. Qd3 d5
15. Rd1 dxe4 16. Qxe4 Qc8 17. Bd3 Ng6 18. a4 O-O 19. axb5 axb5 20. Bxb5 Ra2 21.
Qb4 Qb7 22. Ne3 Rb8 23. c4 Nh4 24. O-O Qe4 25. Qd6 Rf8 26. Bc6 Qg6 27. b4 Nf5
28. Nxf5 Qxf5 29. Qd3 Qxd3 30. Rxd3 Rc2 31. Bd5 Rb8 32. b5 Kf8 33. Rb3 Bd8 34.
Rf3 f6 35. Ra3 Bb6 36. Raa1 Ke7 37. Rac1 Bxf2+ 38. Kh1 Rxc1 39. Rxc1 Bc5 40. g4
g6 41. Rf1 Bb6 42. Kg2 Rf8 43. Rc1 Kd6 44. Kg3 f5 45. Rf1 Kc5 46. Be6 Rf6 47.
gxf5 gxf5 48. Bxf5 Bd8 49. Bd3 Rxf1 50. Bxf1 Kd4 51. Kg4 e4 52. Kh5 Ke3 53. c5
Kf2 54. Bc4 e3 55. Kh6 e2 56. Bxe2 Kxe2 57. Kxh7 Kd3 58. b6 Kd4 59. b7 Bc7 60.
h4 Kxc5 1/2-1/2

[Event "Championnat de France des Jeunes - Mini"]
[Site "LA ROCHE SUR YON"]
[Date "2008.04.27"]
[Round "9.15"]
[White "Perrier, Lea"]
[Black "Josse, Mathilde"]
[Result "1/2-1/2"]
[WhiteElo "1647"]
[BlackElo "1726"]
[Annotator "Salaun,Michel"]
[PlyCount "90"]
[EventDate "2008.04.27"]
[EventType "swiss"]
[EventRounds "9"]
[EventCountry "FRA"]

1. e4 e5 2. Nc3 Nf6 3. f4 d6 4. Nf3 Nc6 5. Bb5 Bg4 6. h3 Bxf3 7. Qxf3 Nd7 8.
Bxc6 bxc6 9. O-O Be7 10. d3 O-O 11. b3 Bf6 12. Bb2 Nc5 13. Rae1 Ne6 14. Ne2
exf4 15. Bc1 Bh4 16. Rd1 Bf6 17. Nxf4 Nxf4 18. Bxf4 c5 19. Rde1 Bc3 20. Rd1 a5
21. Bd2 Be5 22. Bf4 Qe7 23. Bxe5 Qxe5 24. Qf4 Qb2 25. Rc1 Qxa2 26. Qf5 Qb2 27.
Qd7 Rac8 28. Kh2 Qe5+ 29. Kh1 Qe8 30. Qa4 Qxa4 31. bxa4 Rb8 32. Rb1 f6 33. Rb5
Rxb5 34. axb5 Kf7 35. Ra1 Ra8 36. Kg1 Ke6 37. Kf2 Ke5 38. c4 Kd4 39. Ra3 Ra7
40. Ke2 g6 41. g4 g5 42. Kf3 Rb7 43. Ke2 Ra7 44. Kf3 Ra8 45. Ke2 h6 1/2-1/2

[Event "Championnat de France des Jeunes - Mini"]
[Site "LA ROCHE SUR YON"]
[Date "2008.04.27"]
[Round "9.13"]
[White "Le Bail, Arielle"]
[Black "Kohi, Camilla"]
[Result "1-0"]
[WhiteElo "1789"]
[BlackElo "1855"]
[Annotator "Salaun,Michel"]
[PlyCount "83"]
[EventDate "2008.04.27"]
[EventType "swiss"]
[EventRounds "9"]
[EventCountry "FRA"]

1. d4 Nf6 2. c4 g6 3. Nc3 Bg7 4. e4 d6 5. f3 O-O 6. Bg5 Nbd7 7. Nge2 a6 8. a4
c6 9. Qd2 Re8 10. Rd1 Rb8 11. Nc1 e6 12. Be2 Qc7 13. O-O b6 14. Kh1 Bb7 15. Bh6
Bh8 16. f4 e5 17. dxe5 dxe5 18. f5 Red8 19. Qg5 a5 20. h4 c5 21. Nd5 Bxd5 22.
exd5 Ne4 23. Qe3 Ndf6 24. Bd3 Nd6 25. Be2 Qd7 26. g4 Qxa4 27. b3 Qa1 28. h5 Bg7
29. Bxg7 Kxg7 30. h6+ Kg8 31. fxg6 e4 32. gxf7+ Nxf7 33. Qf4 Qc3 34. Rf2 Qh3+
35. Rh2 Qc3 36. Rf1 Nd7 37. Qxf7+ Kh8 38. Na2 Qb2 39. g5 Rf8 40. Qe7 Kg8 41.
Rf6 Qc1+ 42. Nxc1 1-0

[Event "Championnat de France des Jeunes - Mini"]
[Site "LA ROCHE SUR YON"]
[Date "2008.04.26"]
[Round "8.15"]
[White "Cappelletti, Emmanuelle"]
[Black "Le Bail, Arielle"]
[Result "0-1"]
[WhiteElo "1680"]
[BlackElo "1789"]
[Annotator "Salaun,Michel"]
[PlyCount "74"]
[EventDate "2008.04.27"]
[EventType "swiss"]
[EventRounds "9"]
[EventCountry "FRA"]

1. e4 e6 2. d4 d5 3. Nc3 Bb4 4. e5 c5 5. a3 Bxc3+ 6. bxc3 Ne7 7. Qg4 O-O 8. Bd3
Nbc6 9. Bg5 Qa5 10. Ne2 cxd4 11. Bxh7+ Kxh7 12. Qh4+ Kg8 13. Bxe7 Nxe7 14. Qxe7
dxc3 15. O-O Qd8 16. Qb4 Qc7 17. f4 b6 18. Rf3 Ba6 19. Rxc3 Qd7 20. Nd4 Rac8
21. Rh3 Rc4 22. Qd2 Qe7 23. Qf2 Rfc8 24. Re1 Rc3 25. Ree3 Qxa3 26. Qe1 Rxe3 27.
Rxe3 Qb2 28. c3 Rc4 29. Qh4 Qa1+ 30. Kf2 Qb2+ 31. Re2 Qa3 32. Re3 Rc8 33. Rh3
Qb2+ 34. Ke1 Qc1+ 35. Kf2 Qf1+ 36. Ke3 Rxc3+ 37. Kd2 Qc1# 0-1

[Event "Championnat de France des Jeunes - Mini"]
[Site "LA ROCHE SUR YON"]
[Date "2008.04.27"]
[Round "9.11"]
[White "Buscara, Lena"]
[Black "Saucey, Capucine"]
[Result "1-0"]
[WhiteElo "1691"]
[BlackElo "1780"]
[Annotator "Salaun,Michel"]
[PlyCount "63"]
[EventDate "2008.04.27"]
[EventType "swiss"]
[EventRounds "9"]
[EventCountry "FRA"]

1. e4 e5 2. d4 exd4 3. Qxd4 Nc6 4. Qe3 Nf6 5. Nc3 Be7 6. Bd2 d6 7. h3 Be6 8.
O-O-O Nd7 9. f4 Nb6 10. Nf3 Qd7 11. Nd4 Nxd4 12. Qxd4 Bf6 13. Qe3 O-O-O 14. g4
Kb8 15. g5 Be7 16. a4 f6 17. Bb5 c6 18. Bd3 fxg5 19. fxg5 Rhf8 20. Rde1 Rf7 21.
h4 Rdf8 22. Rhf1 Nc4 23. Bxc4 Bxc4 24. Rxf7 Rxf7 25. Qd4 Ba6 26. e5 Qe6 27.
exd6 Qxd6 28. Qxd6+ Bxd6 29. h5 Kc7 30. Ne4 Re7 31. Nxd6 Kxd6 32. Bb4+ 1-0

[Event "Championnat de France des Jeunes - Mini"]
[Site "LA ROCHE SUR YON"]
[Date "2008.04.27"]
[Round "9.14"]
[White "Abidi, Ines"]
[Black "Dubois, Emmanuelle"]
[Result "1/2-1/2"]
[WhiteElo "1670"]
[BlackElo "1785"]
[Annotator "Salaun,Michel"]
[PlyCount "45"]
[EventDate "2008.04.27"]
[EventType "swiss"]
[EventRounds "9"]
[EventCountry "FRA"]

1. d4 d5 2. Nf3 Nf6 3. Bf4 Nbd7 4. e3 e6 5. c4 c6 6. Nc3 Qa5 7. Nd2 Bb4 8. Qc2
O-O 9. a3 Bxc3 10. bxc3 Ne4 11. Nxe4 dxe4 12. Be2 e5 13. Bg3 exd4 14. exd4 Nf6
15. O-O Re8 16. Rfe1 Bf5 17. Qb3 b6 18. Qb4 Qxb4 19. cxb4 e3 20. fxe3 Rxe3 21.
Bf3 Rxe1+ 22. Rxe1 Rd8 23. d5 {(=)} 1/2-1/2

[Event "Championnat de France des Jeunes - Pupi"]
[Site "LA ROCHE SUR YON"]
[Date "2008.04.24"]
[Round "6.16"]
[White "Breban, Victor"]
[Black "Tassel, Pierre"]
[Result "1-0"]
[WhiteElo "1495"]
[BlackElo "1711"]
[Annotator "Salaun,Michel"]
[PlyCount "121"]
[EventDate "2008.04.24"]
[EventType "swiss"]
[EventRounds "6"]
[EventCountry "FRA"]

1. d4 d5 2. c4 c6 3. Nc3 e6 4. cxd5 cxd5 5. Bf4 Nf6 6. e3 a6 7. h3 Be7 8. Nf3
Nbd7 9. Bd3 b5 10. a3 Bb7 11. O-O O-O 12. Rc1 Rc8 13. Re1 Nb6 14. Nd2 Nc4 15.
Bxc4 dxc4 16. a4 Qd7 17. axb5 axb5 18. Qe2 Ba6 19. Qd1 Bb4 20. Qc2 Qc6 21. Red1
Nd5 22. Nxd5 Qxd5 23. Nb1 Rfd8 24. Nc3 Qc6 25. Bg5 f6 26. Bf4 Be7 27. Qd2 e5
28. d5 Qb7 29. Bg3 b4 30. Na2 b3 31. Nc3 Ra8 32. e4 Bc5 33. Qe2 Bd4 34. Qd2 Rd6
35. Ne2 Bc5 36. Nc3 Bb4 37. f3 Bxc3 38. Qxc3 Bb5 39. Ra1 Ra2 40. Rdc1 Qa6 41.
Rxa2 Qxa2 42. Kh2 Ra6 43. Be1 Qa4 44. Qd2 Bd7 45. Qd1 Qb5 46. Ra1 Ra2 47. Bc3
Qa6 48. Rb1 Kf7 49. Kg3 Qd6 50. Kf2 f5 51. Kg1 fxe4 52. fxe4 Qc5+ 53. Kh1 Qd6
54. Qh5+ Kg8 55. Qxe5 Qxe5 56. Bxe5 Ra4 57. Bc3 Ra6 58. e5 g6 59. Rf1 Bf5 60.
e6 Bxe6 61. dxe6 1-0

[Event "Championnat de France des Jeunes - Pupi"]
[Site "LA ROCHE SUR YON"]
[Date "2008.04.25"]
[Round "7.12"]
[White "Crouzet, Emeric"]
[Black "Becache, Matthias"]
[Result "0-1"]
[WhiteElo "1730"]
[BlackElo "1620"]
[Annotator "Salaun,Michel"]
[PlyCount "116"]
[EventDate "2008.04.24"]
[EventType "swiss"]
[EventRounds "6"]
[EventCountry "FRA"]

1. d4 d5 2. c4 c6 3. Nf3 Nf6 4. Nc3 g6 5. Bf4 Bg7 6. e3 O-O 7. Bd3 Nbd7 8. h3
dxc4 9. Bxc4 Nb6 10. Bb3 Nbd5 11. Be5 e6 12. e4 Nxc3 13. bxc3 Nxe4 14. Qd3 Nf6
15. g4 Qa5 16. Ng5 Rd8 17. Ke2 Nd5 18. Bxd5 Qxd5 19. c4 Qd7 20. Bxg7 Kxg7 21.
Rad1 Qe7 22. f4 c5 23. Qe4 cxd4 24. Rxd4 h6 25. Rhd1 Rxd4 26. Qxd4+ Qf6 27. Ne4
Qxd4 28. Rxd4 b6 29. Rd8 Bb7 30. Rxa8 Bxa8 31. Nd6 Bg2 32. h4 a6 33. Nc8 b5 34.
c5 Kf8 35. Na7 Ke7 36. Kd3 Kd7 37. Kd4 f6 38. g5 hxg5 39. hxg5 fxg5 40. fxg5
Bd5 41. a3 Kc7 42. Ke5 Kb7 43. Kf6 Be4 44. Kxe6 Kxa7 45. Kd6 a5 46. Ke5 Bf5 47.
Kd5 Kb7 48. Ke5 Kc6 49. Kd4 Bb1 50. Kc3 Kxc5 51. Kb2 Bf5 52. Kc3 b4+ 53. Kb3
bxa3 54. Kxa3 Kb5 55. Kb3 a4+ 56. Ka3 Bd7 57. Kb2 Kc4 58. Ka3 Kd4 0-1

[Event "Championnat de France des Jeunes - Pupi"]
[Site "LA ROCHE SUR YON"]
[Date "2008.04.25"]
[Round "7.11"]
[White "Pruvot, Louis"]
[Black "Bigonnet, Jean-Michel"]
[Result "1/2-1/2"]
[WhiteElo "1630"]
[BlackElo "1755"]
[Annotator "Salaun,Michel"]
[PlyCount "63"]
[EventDate "2008.04.24"]
[EventType "swiss"]
[EventRounds "6"]
[EventCountry "FRA"]

1. e4 c5 2. Nf3 Nc6 3. Nc3 e5 4. Bc4 Be7 5. d3 d6 6. O-O Nf6 7. Ng5 O-O 8. f4
exf4 9. Bxf4 Ne5 10. Bb3 h6 11. Nf3 Bg4 12. Bxe5 dxe5 13. h3 Bh5 14. g4 Bg6 15.
Nd5 Nxd5 16. Bxd5 Qc7 17. Qe1 Rad8 18. Qg3 Bd6 19. g5 h5 20. Nh4 Kh7 21. Rf3 c4
22. Bxc4 Bxe4 23. dxe4 Qxc4 24. g6+ Kg8 25. gxf7+ Rxf7 26. Rxf7 Qxf7 27. Nf5
Bc5+ 28. Kh1 Qc7 29. Qb3+ Qf7 30. Qg3 Qf6 31. Qb3+ Qf7 32. Qg3 1/2-1/2

[Event "Championnat de France des Jeunes - Pupi"]
[Site "LA ROCHE SUR YON"]
[Date "2008.04.25"]
[Round "7.13"]
[White "Kohi, Armand"]
[Black "Breban, Victor"]
[Result "1/2-1/2"]
[WhiteElo "1730"]
[BlackElo "1495"]
[Annotator "Salaun,Michel"]
[PlyCount "53"]
[EventDate "2008.04.24"]
[EventType "swiss"]
[EventRounds "6"]
[EventCountry "FRA"]

1. d4 Nf6 2. c4 g6 3. Nc3 Bg7 4. e4 d6 5. Nf3 O-O 6. Be2 e5 7. O-O Nc6 8. d5
Ne7 9. Ne1 Ne8 10. Be3 f5 11. f3 Kh8 12. Nd3 Ng8 13. Rc1 f4 14. Bf2 g5 15. Qd2
h5 16. Rc2 Nh6 17. Rfc1 Rg8 18. Nb1 Bf8 19. Qd1 g4 20. c5 g3 21. Be1 Qh4 22. h3
Nf7 23. Bf1 Ng5 24. Qe2 Nf6 25. cxd6 Bxd6 26. Nc3 a6 27. b4 {(=)} 1/2-1/2

[Event "Championnat de France des Jeunes - Pupi"]
[Site "LA ROCHE SUR YON"]
[Date "2008.04.25"]
[Round "7.14"]
[White "Aubert, Lucas"]
[Black "Kovarski, Julien"]
[Result "1-0"]
[WhiteElo "1650"]
[BlackElo "1490"]
[Annotator "Salaun,Michel"]
[PlyCount "139"]
[EventDate "2008.04.24"]
[EventType "swiss"]
[EventRounds "6"]
[EventCountry "FRA"]

1. d4 Nf6 2. Nf3 e6 3. c4 b6 4. Nc3 Bb7 5. e3 Be7 6. Bd3 d6 7. e4 Nbd7 8. O-O
a6 9. Bf4 O-O 10. Rc1 c5 11. d5 e5 12. Be3 Re8 13. Re1 Nf8 14. a3 Ng6 15. b4
Qd7 16. Rb1 Rab8 17. a4 Nh5 18. a5 Bd8 19. Na4 b5 20. bxc5 Bxa5 21. c6 Qe7 22.
Re2 bxa4 23. cxb7 Rxb7 24. Rxb7 Qxb7 25. Qxa4 Rb8 26. Qxa5 Nhf4 27. Rd2 Nxd3
28. Rxd3 Qb1+ 29. Ne1 h6 30. Ra3 Qxe4 31. Qxa6 Rb1 32. Ra1 Rb4 33. Qxd6 Qxc4
34. Qc5 Qxc5 35. Bxc5 Rb5 36. Rc1 Nf4 37. Kf1 Nxd5 38. Ke2 e4 39. f3 f5 40.
fxe4 fxe4 41. Bf2 Rb2+ 42. Rc2 Rb3 43. g3 e3 44. Bg1 Kf7 45. Ng2 g6 46. Bxe3 h5
47. Kf3 g5 48. Rf2 Ke6 49. Ke4 Rb4+ 50. Bd4 Nc3+ 51. Kd3 Nd5 52. Ne3 Rb3+ 53.
Ke4 Nxe3 54. Bxe3 Rb4+ 55. Bd4 g4 56. Rf6+ Ke7 57. Rh6 Rb5 58. Be5 Kf7 59. Kf5
Rc5 60. Rxh5 Rc4 61. Rh4 Ke7 62. Rxg4 Rxg4 63. Kxg4 Kf7 64. h4 Kg6 65. h5+ Kh7
66. Kg5 Kg8 67. Kg6 Kf8 68. h6 Kg8 69. h7+ Kf8 70. h8=Q+ 1-0

[Event "Championnat de France des Jeunes - Pupi"]
[Site "LA ROCHE SUR YON"]
[Date "2008.04.26"]
[Round "8.11"]
[White "Bach, Anatole"]
[Black "Grundman, Anatole"]
[Result "0-1"]
[WhiteElo "1660"]
[BlackElo "1764"]
[Annotator "Salaun,Michel"]
[PlyCount "70"]
[EventDate "2008.04.24"]
[EventType "swiss"]
[EventRounds "6"]
[EventCountry "FRA"]

1. e4 c5 2. Nc3 d6 3. g3 Nc6 4. Bg2 g6 5. d3 Bg7 6. Be3 e6 7. Qd2 Nd4 8. Nd1
Bd7 9. c3 Nc6 10. Ne2 Qa5 11. d4 c4 12. O-O h5 13. f4 Nh6 14. h3 O-O-O 15. d5
Ne7 16. dxe6 Bxe6 17. Bd4 Bxd4+ 18. Nxd4 d5 19. Ne3 dxe4 20. Qe2 Kb8 21. Nxe6
fxe6 22. Qxc4 Nd5 23. Nxd5 exd5 24. Qd4 Nf5 25. Qe5+ Ka8 26. Kh2 Qb6 27. c4 Qe3
28. Qc3 d4 29. Qxe3 Nxe3 30. Rf2 d3 31. Rd2 Nxg2 32. Kxg2 e3 33. Rdd1 Rhe8 34.
Kf3 e2 35. Re1 Re7 0-1

[Event "Championnat de France des Jeunes - Pupi"]
[Site "LA ROCHE SUR YON"]
[Date "2008.04.25"]
[Round "7.15"]
[White "Sarafian, Thomas"]
[Black "Karcenty, Louis"]
[Result "0-1"]
[WhiteElo "1830"]
[BlackElo "1650"]
[Annotator "Salaun,Michel"]
[PlyCount "44"]
[EventDate "2008.04.24"]
[EventType "swiss"]
[EventRounds "6"]
[EventCountry "FRA"]

1. e4 c6 2. d4 d5 3. e5 Bf5 4. Nf3 e6 5. Be2 c5 6. c4 dxc4 7. Na3 Nc6 8. Nxc4
cxd4 9. Bg5 Qd5 10. Nh4 Bb4+ 11. Bd2 d3 12. Bxb4 Qxc4 13. Nxf5 Qxb4+ 14. Qd2
Qxd2+ 15. Kxd2 exf5 16. Bxd3 Rd8 17. Kc3 Nge7 18. Rhe1 O-O 19. e6 Nd5+ 20. Kb3
fxe6 21. Ka3 a6 22. Rxe6 Nf4 0-1

[Event "Championnat de France des Jeunes - Pupi"]
[Site "LA ROCHE SUR YON"]
[Date "2008.04.27"]
[Round "9.12"]
[White "Jeannesson, Etienne"]
[Black "Breban, Victor"]
[Result "1-0"]
[WhiteElo "1810"]
[BlackElo "1495"]
[Annotator "Salaun,Michel"]
[PlyCount "123"]
[EventDate "2008.04.24"]
[EventType "swiss"]
[EventRounds "6"]
[EventCountry "FRA"]

1. e4 c5 2. Nc3 d6 3. d3 Nc6 4. g3 g6 5. Bg2 Bg7 6. Be3 e6 7. Qd2 Nge7 8. Bh6
O-O 9. h4 d5 10. O-O-O Qa5 11. Bxg7 Kxg7 12. exd5 exd5 13. Nxd5 Qxa2 14. Qc3+
f6 15. Nxe7 Nxe7 16. Qxc5 Rf7 17. Re1 Be6 18. Qa3 Qxa3 19. bxa3 Bd5 20. Bxd5
Nxd5 21. c4 Nb6 22. Kc2 Rd8 23. Nf3 Rfd7 24. Re3 Rc7 25. Kb3 Rcd7 26. Rd1 Nc8
27. a4 Nd6 28. d4 Nf5 29. Red3 Nd6 30. Re1 Nf5 31. d5 Rc7 32. Nd4 Nxd4+ 33.
Rxd4 Rcd7 34. Kb4 Rd6 35. a5 R6d7 36. g4 Kf7 37. f4 h6 38. f5 gxf5 39. gxf5 h5
40. Re6 Re7 41. Rde4 Red7 42. c5 Rxd5 43. Re7+ Kf8 44. Rxb7 Rxf5 45. Rxa7 Rb8+
46. Kc4 Rc8 47. a6 Rfxc5+ 48. Kd3 Rc3+ 49. Kd4 R3c4+ 50. Ke3 Rxe4+ 51. Kxe4
Rc4+ 52. Kf5 Rxh4 53. Kxf6 Rf4+ 54. Kg5 Ra4 55. Ra8+ Ke7 56. a7 Ra5+ 57. Kh4
Ra4+ 58. Kxh5 Ra5+ 59. Kg4 Ra1 60. Rh8 Ra4+ 61. Kf3 Ra3+ 62. Ke2 1-0

[Event "Championnat de France des Jeunes - Pupi"]
[Site "LA ROCHE SUR YON"]
[Date "2008.04.26"]
[Round "8.12"]
[White "Bigonnet, Jean-Michel"]
[Black "Martin, Damien"]
[Result "1-0"]
[WhiteElo "1755"]
[BlackElo "1652"]
[Annotator "Salaun,Michel"]
[PlyCount "115"]
[EventDate "2008.04.24"]
[EventType "swiss"]
[EventRounds "6"]
[EventCountry "FRA"]

1. e4 c5 2. Nf3 d6 3. c3 Nf6 4. h3 g6 5. Bd3 Bg7 6. Bc2 e5 7. O-O O-O 8. Re1
Nc6 9. d3 h6 10. a4 Be6 11. Na3 d5 12. exd5 Nxd5 13. Nc4 Qc7 14. Ne3 Nxe3 15.
Bxe3 b6 16. Rc1 Rad8 17. Qe2 Qe7 18. Rcd1 Rfe8 19. Nh2 f5 20. f4 Bf7 21. Qf2
Qd7 22. Bc1 Kh7 23. Nf1 Qd6 24. Kh1 Qc7 25. Ng3 exf4 26. Bxf4 Be5 27. Bxe5 Rxe5
28. Rxe5 Qxe5 29. Re1 Qc7 30. Ne2 Re8 31. Nc1 Rxe1+ 32. Qxe1 Qf4 33. Ne2 Qe3
34. Qf1 Qd2 35. Qd1 Qe3 36. Ng1 Bd5 37. Qe2 Qg3 38. Nf3 Bxf3 39. Qxf3 Qxf3 40.
gxf3 Kg7 41. Kg2 Kf6 42. f4 g5 43. Kg3 a5 44. Bb3 h5 45. fxg5+ Kxg5 46. h4+ Kf6
47. Bd1 Kg6 48. Kf4 Nd8 49. d4 cxd4 50. cxd4 Nb7 51. Ke5 Nd8 52. d5 Nb7 53. d6
Nc5 54. Bc2 Nd7+ 55. Ke6 Nc5+ 56. Ke7 Nb7 57. d7 Kg7 58. Bxf5 1-0

[Event "Championnat de France des Jeunes - Pupi"]
[Site "LA ROCHE SUR YON"]
[Date "2008.04.26"]
[Round "8.15"]
[White "Breban, Victor"]
[Black "Eid, Amine"]
[Result "1/2-1/2"]
[WhiteElo "1495"]
[BlackElo "1797"]
[Annotator "Salaun,Michel"]
[PlyCount "71"]
[EventDate "2008.04.24"]
[EventType "swiss"]
[EventRounds "6"]
[EventCountry "FRA"]

1. d4 Nf6 2. Bf4 g6 3. Nf3 Bg7 4. h3 d6 5. e3 O-O 6. c4 Nc6 7. Nc3 Nd7 8. Be2
h6 9. O-O e5 10. dxe5 Ndxe5 11. Rc1 Be6 12. Nd5 f5 13. b4 Ne7 14. Qd2 Nd7 15.
Rfd1 g5 16. Bh2 Ne5 17. Nxe5 dxe5 18. Nxe7+ Qxe7 19. c5 Qf7 20. a3 e4 21. Qc2
Rfd8 22. Rxd8+ Rxd8 23. Rd1 Qe7 24. Rxd8+ Qxd8 25. Bc4 Bxc4 26. Qxc4+ Kh8 27.
Qc2 c6 28. Bd6 Qf6 29. Qa4 a6 30. Qa5 Qa1+ 31. Kh2 Be5+ 32. Bxe5+ Qxe5+ 33. g3
Qe7 34. Qb6 Qd7 35. Qa7 Qc8 36. Qb6 1/2-1/2

[Event "Championnat de France des Jeunes - Pupi"]
[Site "LA ROCHE SUR YON"]
[Date "2008.04.26"]
[Round "8.13"]
[White "Karcenty, Louis"]
[Black "Bayart, Jules"]
[Result "1-0"]
[WhiteElo "1650"]
[BlackElo "1740"]
[Annotator "Salaun,Michel"]
[PlyCount "69"]
[EventDate "2008.04.24"]
[EventType "swiss"]
[EventRounds "6"]
[EventCountry "FRA"]

1. Nf3 e6 2. c4 f5 3. g3 Nf6 4. d4 c6 5. Bg2 d5 6. cxd5 exd5 7. Bf4 Bd6 8. Bxd6
Qxd6 9. O-O O-O 10. Nc3 Nbd7 11. Rb1 Ne4 12. Qc2 Qh6 13. e3 Qh5 14. b4 Rf6 15.
b5 Rh6 16. Ne2 Ng5 17. Nh4 Nf8 18. Nf4 Qf7 19. bxc6 bxc6 20. Rfc1 Ne4 21. Nd3
Nd7 22. Nb4 g5 23. Nf3 c5 24. dxc5 Ndxc5 25. Nxg5 Nxg5 26. Qxc5 Ne4 27. Qxd5
Bb7 28. Qxf7+ Kxf7 29. Rc7+ Kg8 30. Rxb7 Rc8 31. Bxe4 fxe4 32. Nd5 Re8 33. Rxa7
Rd6 34. Ne7+ Kf8 35. Rbb7 1-0

[Event "Championnat de France des Jeunes - Pupi"]
[Site "LA ROCHE SUR YON"]
[Date "2008.04.26"]
[Round "8.14"]
[White "Malka, Samuel"]
[Black "Kohi, Armand"]
[Result "0-1"]
[WhiteElo "1598"]
[BlackElo "1730"]
[Annotator "Salaun,Michel"]
[PlyCount "64"]
[EventDate "2008.04.24"]
[EventType "swiss"]
[EventRounds "6"]
[EventCountry "FRA"]

1. d4 d5 2. c4 c6 3. Nc3 Nf6 4. Nf3 dxc4 5. e4 b5 6. e5 Nd5 7. a4 e6 8. axb5
Nxc3 9. bxc3 cxb5 10. Be2 Be7 11. Nd2 Bb7 12. Bf3 Bxf3 13. Qxf3 Qd5 14. Qg3 O-O
15. f3 Nd7 16. Ne4 Kh8 17. O-O a5 18. Bg5 Bxg5 19. Qxg5 Kg8 20. Rfd1 Qc6 21.
Nf6+ Kh8 22. Nh5 Rg8 23. Qe7 Rgf8 24. Qg5 Rg8 25. Ra2 Nb6 26. Rda1 Nd5 27. Rxa5
Rxa5 28. Rxa5 Nxc3 29. Qe7 Qb6 30. Nf6 Qxd4+ 31. Kf1 Qd1+ 32. Kf2 Qe2+ 0-1

[Event "Championnat de France des Jeunes - Pupi"]
[Site "LA ROCHE SUR YON"]
[Date "2008.04.26"]
[Round "9.11"]
[White "Balagny-Carbuccia, Nicolas"]
[Black "Aubert, Lucas"]
[Result "1/2-1/2"]
[WhiteElo "1810"]
[BlackElo "1650"]
[Annotator "Salaun,Michel"]
[PlyCount "62"]
[EventDate "2008.04.24"]
[EventType "swiss"]
[EventRounds "6"]
[EventCountry "FRA"]

1. c4 e6 2. g3 c5 3. Bg2 Nc6 4. e4 b6 5. Nc3 Bb7 6. Nge2 Nf6 7. d3 Bd6 8. O-O
a6 9. f4 e5 10. f5 h6 11. h3 Be7 12. g4 Rb8 13. a3 d6 14. Ng3 Nd4 15. b3 b5 16.
a4 b4 17. Nce2 a5 18. Nxd4 cxd4 19. h4 Nh7 20. g5 hxg5 21. Qg4 gxh4 22. Nh5 Nf6
23. Nxf6+ Bxf6 24. Kh1 Rg8 25. Bd2 g6 26. Bh3 g5 27. Rg1 Qe7 28. Be1 Kd7 29.
Qf3 Rg7 30. Bd2 Rbg8 31. Rg4 Bc6 1/2-1/2

[Event "Championnat de France des Jeunes - Benj"]
[Site "LA ROCHE SUR YON"]
[Date "2008.04.20"]
[Round "1.11"]
[White "Capponi, Axel"]
[Black "Rasamoely, Timothy"]
[Result "0-1"]
[WhiteElo "1973"]
[BlackElo "1760"]
[Annotator "Salaun,Michel"]
[PlyCount "154"]
[EventDate "2008.04.23"]
[EventType "swiss"]
[EventRounds "5"]
[EventCountry "FRA"]

1. d4 d5 2. c4 e6 3. Nc3 Nf6 4. cxd5 exd5 5. Bg5 Be7 6. e3 Nbd7 7. Bd3 b6 8.
Nf3 Bb7 9. O-O h6 10. Bh4 O-O 11. Rc1 c5 12. Bb1 Ne4 13. Bxe7 Qxe7 14. Nd2 Nxd2
15. Qxd2 Nf6 16. Ne2 Ba6 17. Rfd1 c4 18. Ng3 Ne4 19. Bxe4 dxe4 20. b3 cxb3 21.
axb3 f5 22. Ne2 Bxe2 23. Qxe2 Rac8 24. Rc4 Qd7 25. Rdc1 b5 26. Rc5 a6 27. b4
Kh8 28. Qa2 Ra8 29. Qc2 Qd6 30. Qc3 f4 31. Rc6 Qb8 32. Rc7 Ra7 33. Rxa7 Qxa7
34. Qc5 Qb8 35. Qc6 fxe3 36. fxe3 Qe8 37. Qxe8 Rxe8 38. Rc6 Ra8 39. Kf2 a5 40.
bxa5 Rxa5 41. Re6 b4 42. Rxe4 Rb5 43. Re8+ Kh7 44. Rc8 Kg6 45. Rc2 b3 46. Rb2
Kf5 47. Kf3 Rb4 48. e4+ Kf6 49. Ke3 Kg5 50. Kd3 Kf4 51. e5 Rb6 52. g3+ Kf5 53.
Kc4 Ke4 54. Rxb3 Rc6+ 55. Kb5 Rc2 56. Rb4 Kd5 57. h4 h5 58. Kb6 Rc3 59. Rb5+
Kxd4 60. e6 Re3 61. Rxh5 Rxe6+ 62. Kc7 Rg6 63. Kd7 Rxg3 64. Ke6 Ke4 65. Rg5
Rxg5 66. hxg5 Kf4 67. g6 $4 (67. Kf7) 67... Kg5 68. Ke5 Kxg6 69. Kf4 Kh5 70.
Kg3 Kg5 71. Kf3 Kh4 72. Kg2 Kg4 73. Kg1 Kg3 74. Kh1 g5 75. Kg1 g4 76. Kh1 Kf2
77. Kh2 g3+ 0-1